000 00594nam a2200241Ia 4500
003 OSt
005 20221005125408.0
006 a|||||r|||| 00| 0
007 ta
008 221004b |||||||| |||| 00| 0 guj d
024 _a46578
037 _cTextual
040 _aCRL
_cCRL
_bguj
041 _2guj
_aguj
082 _aLB, 156J5
100 _aGanyatra Amritlal devchand
_9636608
245 0 _aPathyapath
260 _c1955
300 _a125p.
_ccm.
650 _aMEDICINE
942 _hLB, 156J5
_cTEXL
_2cc
999 _c1053881
_d1053881